| 000 | 01372cam a2200361 4500 | ||
|---|---|---|---|
| 001 | 1413 | ||
| 005 | 20231124145348.0 | ||
| 020 | _a0590426737 | ||
| 040 |
_aDLC _cDLC _dDLC _dOCoLC _dDLC _beng |
||
| 050 | 0 | 0 |
_aPZ7.W244 _bMw |
| 082 | 0 | 0 | _a813 |
| 100 | 1 |
_aWarner, Gertrude Chandler _d1890-1979. |
|
| 245 | 1 | 0 |
_aMystery in the sand / _cby Warner, Gertrude Chandler , Illustrated by David Cunningham. |
| 250 | _aFirst Scholastic printing, March 1991 | ||
| 260 |
_aNiles : _bScholastic, _c1971 |
||
| 300 |
_a127 pages : _billustrations ; _c20 cm |
||
| 490 | 0 |
_aThe boxcar children _vBook 16 |
|
| 505 | _aK | ||
| 520 | _aA friendly writer with a metal detector, the mysterious inhabitants of a tower house, and the discovery of a locket in the sand are ingredients for the Aldens' latest mystery. | ||
| 521 |
_a520
_bLexile |
||
| 521 |
_aK
_bRaz-Plus |
||
| 650 | 0 |
_aBoxcar children (Fictitious characters) _vJuvenile fiction. |
|
| 650 | 0 |
_aOrphans _vJuvenile fiction. |
|
| 650 | 0 |
_aFamilies _vJuvenile fiction. |
|
| 650 | 1 |
_aBrothers and sisters _vFiction. |
|
| 650 | 1 |
_aOrphans _vFiction. |
|
| 650 | 1 |
_aBeaches _vFiction. |
|
| 650 | 1 | _aMystery and detective stories. | |
| 655 | 7 |
_aDetective and mystery stories. _2gsafd |
|
| 700 | 1 |
_aCunningham, David _d1938- _eillustrator |
|
| 906 |
_a7 _bcbc _corignew _d2 _encip _f19 _gy-gencatlg |
||
| 942 |
_2ddc _cBK _n0 |
||
| 999 |
_c1413 _d1413 |
||